Audioorální a tlumočnická cvičení z čínského jazyka. Díl 1 /

Hlavní autor: Vochala, Jaromír, 1927-
Další autoři: Vochalová, Žu-čen, 1934-1998, Cong, Lin
Jazyk: Čeština
Vydáno: Praha : Karolinum, 1991
Vydání: 1. vyd.
Témata:
Externí odkaz: Digitalizovaný dokument
Fyzický popis: 79 s. ; 30 cm
Knihy
Uloženo v:
LEADER 01118nam a22003132a 4500
001 000885338
003 CZ BrMZK
005 20080902094904.0
007 ta
008 080208s1991 xr er|||||||||||cze d
015 |a cnb000060825 
020 |a 80-7066-403-7  |q (brož.) :  |c 8 Kčs 
035 |a (OCoLC)39580501 
040 |a BOA001  |b cze 
080 9 |a 809.5-07 
100 1 |a Vochala, Jaromír,  |d 1927-  |7 jk01150312  |4 aut 
245 1 0 |a Audioorální a tlumočnická cvičení z čínského jazyka.  |n Díl 1 /  |c Jaromír Vochala, Žu-čen Vochalová, Cong Lin 
250 |a 1. vyd. 
260 |a Praha :  |b Karolinum,  |c 1991 
300 |a 79 s. ;  |c 30 cm 
500 |a 150 výt. 
700 1 |a Vochalová, Žu-čen,  |d 1934-1998  |7 jk01150314  |4 aut 
700 1 |a Cong, Lin  |4 aut 
856 4 1 |u http://www.digitalniknihovna.cz/mzk/uuid/uuid:9888f680-3660-11e3-a5bb-005056827e52  |y Digitalizovaný dokument  |x NDK 
910 |a BOA001  |b 4-0966.178 
964 |a Čínština - učebnice - vysoké školy 
990 |a BK 
991 |b 200801 
996 7 |b 2619411381  |c 4-0966.178  |l MZK  |r Sklad / do 1 hodiny  |n 3  |w 000885338  |u 000010  |a 1  |e BOA001  |j MZK50  |s A